000 00647nam a2200205Ia 4500
003 GCL
008 140319s9999 xx 000 0 ara d
040 _aGCL /
_cGCL
082 0 4 _a398.2
_bا ا
100 1 _aاحمد امين سليم
245 1 0 _aالاسرة فى العراق القديم: دراسة من خلال ادب الحكم والنصائح /
_cاحمد امين سليم
300 _a112 ص
490 _a100 قصة
_v0
650 0 4 _aالاسرة
650 0 4 _aالعراق
650 0 4 _aالعلاقات الاسرية
650 0 4 _aالامثال العامية
650 0 4 _aالعراق - تاريخ
942 _2ddc
_cBK
999 _c45665
_d45665